Development administration: (Record no. 10449)

MARC details
000 -LEADER
fixed length control field 00706 a2200205 4500
010 ## - LIBRARY OF CONGRESS CONTROL NUMBER
LC control number ENG-89317
020 ## - INTERNATIONAL STANDARD BOOK NUMBER
International Standard Book Number 978813133504
Terms of availability 595.00
035 ## - SYSTEM CONTROL NUMBER
System control number EN-72850
037 ## - SOURCE OF ACQUISITION
Source of stock number/acquisition DBAD / PUB
082 14 - DEWEY DECIMAL CLASSIFICATION NUMBER
Classification number 921
090 ## - LOCALLY ASSIGNED LC-TYPE CALL NUMBER (OCLC); LOCAL CALL NUMBER (OCLC)
-- 10745
-- 10745
100 1# - MAIN ENTRY--PERSONAL NAME
Personal name Abhimanyu Singh
245 1# - TITLE STATEMENT
Title Development administration:
Statement of responsibility, etc by Abhimanyu Singh
Remainder of title (challenges)/
260 ## - PUBLICATION, DISTRIBUTION, ETC. (IMPRINT)
Place of publication, distribution, etc New Delhi
Name of publisher, distributor, etc APH Publishing Corporation
Date of publication, distribution, etc 2008
270 ## - ADDRESS
Address 4435-36/7, Ansari Road, Darya Ganj,
City New Delhi
Postal code 110002
Telephone number 23274050
Electronic mail address aphbooks@vsnl.net
300 ## - PHYSICAL DESCRIPTION
Extent vii, 260p.
Dimensions 23cm.(Hb)
500 ## - GENERAL NOTE
General note Includes index
942 ## - ADDED ENTRY ELEMENTS (KOHA)
Institution code [OBSOLETE] dpl
Koha item type English Books
Call number prefix 921/ ABH
Holdings
Withdrawn status Lost status Source of classification or shelving scheme Damaged status Not for loan Collection code Home library Current library Source of acquisition Cost, normal purchase price Total Checkouts Full call number Barcode Date last seen Copy number Uniform Resource Identifier Cost, replacement price Price effective from Koha item type
    Dewey Decimal Classification   Not For Loan Non-fiction D.B.Act.Division D.B.Act.Division DBAD/PUB 595.00   921 EN-72850 15/09/2008 1 11508 595.00 15/09/2008 English Books

© Delhi Public Library
Hit Counter
free hit counter